Country by Most Populous Cities (Hard Version) - Statistics

General Stats
  • This quiz has been taken 48 times
  • The average score is 15 of 20
Answer Stats
Hint Answer % Correct
Vaduz Liechtenstein
95%
Tallinn Estonia
93%
Ljubljana Slovenia
90%
Valletta Malta
88%
Colombo Sri Lanka
88%
Sana'a Yemen
88%
Georgetown Guyana
83%
Bishkek Kyrgyzstan
81%
Port of Spain Trinidad and Tobago
81%
Vientiane Laos
76%
Dili East Timor
71%
Libreville Gabon
71%
Praia Cape Verde
69%
Asmara Eritrea
69%
Managua Nicaragua
69%
Juba South Sudan
67%
Bridgetown Barbados
64%
Honiara Solomon Islands
64%
Port Vila Vanuatu
50%
Nasinu Fiji
26%
No matching quizzes found
Score Distribution
Percent of People with Each Score
Percentile by Number Answered
Your Score History
You have not taken this quiz